000 00927nam a2200265 i 4500
003 DO-SdBNP
005 20240705124442.0
007 ta
008 240705b2001 cr ||||| |||| 00| 0 spa d
020 _a9789977132419
040 _aDO-SdBNP
_bspa
_cBNPHU
_erda
082 4 _222
100 _aArmijo, Gilbert
_eautor
_984915
245 1 _aGarantías constitucionales, prueba ilícita y la transición al nuevo proceso penal /
_cGilbert Armijo ; prólogo, Daniel González Alvarez
264 _aCosta Rica :
_bInvestigaciones Jurídicas,
_c2001.
300 _a455 páginas ;
_c21 cm.
336 _2rdacontent
_atexto
_btxt
337 _2rdamedia
_asin mediación
_bn
338 _2rdacarrier
_avolumen
_bnc
500 _aIIncluye referencias bibliográficas y notas al pie de las páginas
590 _aInventariado, 2024/BT
700 1 _a,González Alvarez, Daniel
_eprólogo
_984915
910 _aBtavárez
942 _2ddc
_cLBS1
999 _c57189
_d57189